Termodinámica / (Registro nro. 27576)

Detalles MARC
000 -LEADER
campo de control de longitud fija 03287cam a22006734i 4500
003 - IDENTIFICADOR DE NÚMERO DE CONTROL
campo de control PE-LiUPU
005 - FECHA Y HORA DE LA ÚLTIMA TRANSACCIÓN
campo de control 20250731180114.0
008 - DATOS DE LONGITUD FIJA--INFORMACIÓN GENERAL
campo de control de longitud fija 180522s2015 mx a r 001 0 spa d
020 ## - NÚMERO INTERNACIONAL ESTÁNDAR DEL LIBRO
Número Internacional Estándar del Libro 9786071512819
035 ## - NÚMERO DE CONTROL DEL SISTEMA
Número de control de sistema (Sirsi) a242069
040 ## - FUENTE DE CATALOGACIÓN
Centro catalogador/agencia de origen PE-LiUPU
Lengua de catalogación spa
Centro/agencia transcriptor PE-LiUPU
Centro/agencia modificador PE-LiUPU
Normas de descripción rda
041 1# - CÓDIGO DE IDIOMA
Código de lengua del texto/banda sonora o título independiente spa
Código de lengua original eng
049 ## - FONDOS LOCALES (OCLC)
Biblioteca depositaria PRUA
082 04 - NÚMERO DE LA CLASIFICACIÓN DECIMAL DEWEY
Número de clasificación 536.7
Cutter C46
Número de edición 21
100 1# - ENTRADA PRINCIPAL--NOMBRE DE PERSONA
Nombre de persona Çengel, Yunus A.,
Término indicativo de función/relación autor.
245 10 - MENCIÓN DEL TÍTULO
Título Termodinámica /
Mención de responsabilidad, etc. Yunus A. Çengel, Michael A. Boles ; revisión técnica Abraham Laurencio Martínez Bautista [y otros siete].
250 ## - MENCION DE EDICION
Mención de edición Octava edición.
264 #1 - PRODUCCIÓN, PUBLICACIÓN, DISTRIBUCIÓN, FABRICACIÓN Y COPYRIGHT
Producción, publicación, distribución, fabricación y copyright México :
Nombre del de productor, editor, distribuidor, fabricante McGraw Hill Education,
Fecha de producción, publicación, distribución, fabricación o copyright 2015.
300 ## - DESCRIPCIÓN FÍSICA
Extensión xx, 997 páginas :
Otras características físicas ilustraciones ;
Dimensiones 27 centímetros.
336 ## - TIPO DE CONTENIDO
Término de tipo de contenido text
Fuente rdacontent
337 ## - TIPO DE MEDIO
Nombre/término del tipo de medio unmediated
Fuente rdamedia
338 ## - TIPO DE SOPORTE
Nombre/término del tipo de soporte volume
Fuente rdacarrier
504 ## - NOTA DE BIBLIOGRAFÍA, ETC.
Nota de bibliografía, etc. Índice : páginas 989-997.
505 0# - NOTA DE CONTENIDO CON FORMATO
Nota de contenido con formato Introducción y conceptos básicos -- Energía, transferencia de energía y análisis general de la energía -- Propiedades de las sustancias puras -- Análisis de energía de sistemas cerrados -- Análisis de masa y energía de volúmenes de control -- La segunda ley de la termodinámica -- Entropía -- Exergía: una medida del potencial de trabajo -- Ciclos de potencia de gas -- Ciclos de potencia de vapor y combinados -- Ciclos de refrigeración -- Relaciones de propiedades termodinámicas -- Mezcla de gases -- Mezclas de gas-vapor y acondicionamiento de aire -- Reacciones químicas -- Equilibrio químico y de fase -- Flujo compresible -- Energía renovable -- Apéndice A. Tablas de propiedades, figuras y diagramas (unidades SI) -- Apéndice B. Tablas de propiedades, figuras y diagramas (unidades inglesas).
526 ## - NOTA DE INFORMACIÓN SOBRE EL PROGRAMA DE ESTUDIO
Nombre del programa Segunda Especialidad En Estadística Aplicada Para Investigación (A Distancia)
526 ## - NOTA DE INFORMACIÓN SOBRE EL PROGRAMA DE ESTUDIO
Nombre del programa Segunda Especialidad En Estadística Aplicada Para Investigación
526 ## - NOTA DE INFORMACIÓN SOBRE EL PROGRAMA DE ESTUDIO
Nombre del programa Odontología
526 ## - NOTA DE INFORMACIÓN SOBRE EL PROGRAMA DE ESTUDIO
Nombre del programa Tecnología Médica En Terapia Física Y Rehabilitación (A Distancia)
526 ## - NOTA DE INFORMACIÓN SOBRE EL PROGRAMA DE ESTUDIO
Nombre del programa Tecnología Médica En Terapia Física Y Rehabilitación (Semipresencial)
526 ## - NOTA DE INFORMACIÓN SOBRE EL PROGRAMA DE ESTUDIO
Nombre del programa Tecnología Médica En Laboratorio Clínico Y Anatomía Patológica
526 ## - NOTA DE INFORMACIÓN SOBRE EL PROGRAMA DE ESTUDIO
Nombre del programa Ingeniería De Ciencia De Datos E Inteligencia Artificial
526 ## - NOTA DE INFORMACIÓN SOBRE EL PROGRAMA DE ESTUDIO
Nombre del programa Ingeniería Ambiental (Semipresencial)
526 ## - NOTA DE INFORMACIÓN SOBRE EL PROGRAMA DE ESTUDIO
Nombre del programa Nutrición humana
526 ## - NOTA DE INFORMACIÓN SOBRE EL PROGRAMA DE ESTUDIO
Nombre del programa Medicina humana
526 ## - NOTA DE INFORMACIÓN SOBRE EL PROGRAMA DE ESTUDIO
Nombre del programa Ingeniería de industrias alimentarias
526 ## - NOTA DE INFORMACIÓN SOBRE EL PROGRAMA DE ESTUDIO
Nombre del programa Ingeniería civil
526 ## - NOTA DE INFORMACIÓN SOBRE EL PROGRAMA DE ESTUDIO
Nombre del programa Ingeniería ambiental
526 ## - NOTA DE INFORMACIÓN SOBRE EL PROGRAMA DE ESTUDIO
Nombre del programa Enfermería
526 ## - NOTA DE INFORMACIÓN SOBRE EL PROGRAMA DE ESTUDIO
Nombre del programa Educación secundaria, especialidad matemática e informática
526 ## - NOTA DE INFORMACIÓN SOBRE EL PROGRAMA DE ESTUDIO
Nombre del programa Educación secundaria, especialidad ambiental, biología y química
534 ## - NOTA SOBRE LA VERSIÓN ORIGINAL
Frase introductoria Título original :
Mención de título del original Thermodynamis: An engineering approach.
541 ## - NOTA DE FUENTE DE ADQUISICIÓN DIRECTA
-- 002-00000049;
596 ## -
-- 1
650 14 - PUNTO DE ACCESO ADICIONAL DE MATERIA--TÉRMINO DE MATERIA
Término de materia o nombre geográfico como elemento de entrada Termodinámica
Subdivisión general Estudio y enseñanza.
650 04 - PUNTO DE ACCESO ADICIONAL DE MATERIA--TÉRMINO DE MATERIA
Término de materia o nombre geográfico como elemento de entrada Thermodynamics.
700 1# - ENTRADA AGREGADA--NOMBRE PERSONAL
Nombre de persona Boles, Michael A.,
Término indicativo de función/relación autor.
700 1# - ENTRADA AGREGADA--NOMBRE PERSONAL
Nombre de persona Martínez Bautista, Abraham Laurencio,
Término indicativo de función/relación revisor técnico.
700 1# - ENTRADA AGREGADA--NOMBRE PERSONAL
Nombre de persona Soto Urbina, Rodolfo,
Término indicativo de función/relación revisor técnico.
700 1# - ENTRADA AGREGADA--NOMBRE PERSONAL
Nombre de persona Valle Granados, Ignacio del,
Término indicativo de función/relación revisor técnico.
700 1# - ENTRADA AGREGADA--NOMBRE PERSONAL
Nombre de persona Lemos Medina, Leonora de,
Término indicativo de función/relación revisor técnico.
700 1# - ENTRADA AGREGADA--NOMBRE PERSONAL
Nombre de persona González y Pozo, Virgilio,
Término indicativo de función/relación traductor.
700 1# - ENTRADA AGREGADA--NOMBRE PERSONAL
Nombre de persona Sarmiento Ortega, Sergio,
Término indicativo de función/relación traductor.
700 1# - ENTRADA AGREGADA--NOMBRE PERSONAL
Nombre de persona Jasso, Erika,
Término indicativo de función/relación traductora.
910 ## - DATOS DE OPCIÓN DEL USUARIO (OCLC)
Datos de opción del usuario dmd
-- kslcksl
-- 20180522
942 ## - ELEMENTOS DE ENTRADA SECUNDARIOS (KOHA)
Fuente del sistema de clasificación o colocación Clasificación Decimal Dewey
Tipo de ítem Koha
994 ## -
-- C0
-- PEPRU
999 ## - NÚMEROS DE CONTROL DE SISTEMA (KOHA)
-- LC
-- 78497
-- 2021-11-9
-- 4
-- CCODEBUL1
-- BUL
-- 53.92
-- 7
-- 0
-- Y
-- BOOK
-- 2018-5-22
-- INGENIERIA
-- P24
-- COMPRA
-- FCOMPRA
-- .STAFF. Colección Ingeniería y Arquitectura
999 ## - NÚMEROS DE CONTROL DE SISTEMA (KOHA)
-- LC
-- 78498
-- 2019-5-29
-- 2021-11-9
-- 4
-- CCODEBUL1
-- BUL
-- 6
-- 53.92
-- 4
-- 0
-- Y
-- BOOK
-- 2018-5-22
-- INGENIERIA
-- P24
-- COMPRA
-- FCOMPRA
-- .STAFF. Colección Ingeniería y Arquitectura
980 ## - EQUIVALENCIA O REFERENCIA-CRUZADA-MENCIÓN DE SERIE--NOMBRE DE PERSONA/TÍTULO [LOCAL, CANADÁ]
ID del último usuario que modificó el registro 1
Nombre del último usuario que modificó el registro ALBERTO SANCHEZ Responsable de Automatización
Existencias
Visto por última vez Número de inventario Total de préstamos Signatura topográfica completa Código de barras Fecha del último préstamo Copia número Coste, precio de reemplazo Fecha de reemplazo Facultad Tipo de ítem Koha Nota pública Estado de pérdida Fuente del sistema de clasificación o colocación Restricciones de uso No para préstamo Colección Programa académico Biblioteca de origen Biblioteca actual Ubicación en estantería Fecha de adquisición Fuente de adquisición Coste, precio normal de compra
2025-12-02 5 6 536.7 C46 78497 2019-05-29 e1 58.92 2018-05-22 FIA Libros físicos inventario-2023-12-13 No Perdido Clasificación Decimal Dewey No restringido Disponible para préstamos Colección General Ingeniería ambiental Biblioteca CRAI UPeU Lima Biblioteca CRAI UPeU Lima Sala principal 2018-05-22 COMPRA 53.92
2025-12-02 5   536.7 C46 78498   e2 58.92 2018-05-22 FIA Libros físicos inventario-2023-12-13 No Perdido Clasificación Decimal Dewey No restringido Disponible para préstamos Colección General Ingeniería ambiental Biblioteca CRAI UPeU Lima Biblioteca CRAI UPeU Lima Sala principal 2018-05-22 COMPRA 53.92